000 00662nam a22002417a 4500
005 20220728150204.0
008 220728b ||||| |||| 00| 0 eng d
020 _a0352314052
040 _cAL
041 _aEnglish
082 _223
_a320.454
_bBARP
100 _aPeter Bartram
_953824
245 _aPuzzled Voters Guide to Politics
260 _aLondon
_bA Star Book
_c1983
300 _a223 p.
_bPB
_c17.5x11 cm.
650 _aPolitical parties
_953825
650 _aVoting
_953826
650 _aGreat Britain
_953827
650 _aPolitics and government
_953828
650 _aElections
_953829
700 _aBARTRAM (Peter)
_953830
942 _2ddc
_cGF
999 _c224262
_d224262